MyGZULibrary

The White Fathers' Bemba-English dictionary. (Record no. 6085)

MARC details
000 -LEADER
fixed length control field 01079cam a2200277 4500
001 - CONTROL NUMBER
control field 2205200
003 - CONTROL NUMBER IDENTIFIER
control field GZU
005 - DATE AND TIME OF LATEST TRANSACTION
control field 20210415121025.0
008 - FIXED-LENGTH DATA ELEMENTS--GENERAL INFORMATION
fixed length control field 700602s1954 enk d 000 0 eng
010 ## - LIBRARY OF CONGRESS CONTROL NUMBER
LC control number 74012771
040 ## - CATALOGING SOURCE
Original cataloging agency DLC
Transcribing agency DLC
Modifying agency DLC
041 0# - LANGUAGE CODE
Language code of text/sound track or separate title engbem
050 00 - LIBRARY OF CONGRESS CALL NUMBER
Classification number PL8069.4
Item number .W5 1954
082 00 - DEWEY DECIMAL CLASSIFICATION NUMBER
Classification number 496/.3
110 2# - MAIN ENTRY--CORPORATE NAME
Corporate name or jurisdiction name as entry element White Fathers.
245 04 - TITLE STATEMENT
Title The White Fathers' Bemba-English dictionary.
260 ## - PUBLICATION, DISTRIBUTION, ETC.
Place of publication, distribution, etc. London,
-- New York,
Name of publisher, distributor, etc. Published for Northern Rhodesia and Nyasaland Joint Publications Bureau [by] Longmans, Green
Date of publication, distribution, etc. [1954]
300 ## - PHYSICAL DESCRIPTION
Extent vi, 829 p.
Dimensions 22 cm.
500 ## - GENERAL NOTE
General note "Originally published by the White Fathers. This revised edition, prepared by the Publications Bureau, was first published in 1954."
500 ## - GENERAL NOTE
General note Earlier ed. published in 1947 under title: Bemba-English dictionary.
650 #0 - SUBJECT ADDED ENTRY--TOPICAL TERM
Topical term or geographic name entry element Bemba language
General subdivision Dictionaries
-- English.
710 2# - ADDED ENTRY--CORPORATE NAME
Corporate name or jurisdiction name as entry element Northern Rhodesia and Nyasaland Publications Bureau.
740 ## - ADDED ENTRY--UNCONTROLLED RELATED/ANALYTICAL TITLE
Uncontrolled related/analytical title Bemba-English dictionary.
906 ## - LOCAL DATA ELEMENT F, LDF (RLIN)
a 7
b cbc
c orignew
d u
e ncip
f 19
g y-gencatlg
942 ## - ADDED ENTRY ELEMENTS (KOHA)
Source of classification or shelving scheme Library of Congress Classification
Koha item type Books
Classification part 8069.4
Item part WHI
Call number prefix PL
Call number suffix 1954
Holdings
Withdrawn status Lost status Damaged status Not for loan Collection code Home library Current library Shelving location Date acquired Total Checkouts Full call number Barcode Date last seen Copy number Price effective from Koha item type
        Non-fiction City Campus Library City Campus Library General Stacks 04/15/2021   PL8069.4 WHI 1954 027751 04/15/2021 c.1 04/15/2021 Books